000 00424nam a2200181Ia 4500
001 18462
005 20260306171632.0
008 260306s9999||||xx |||||||||||||| ||und||
041 _aESP
082 _a658.4052
_bL539
100 _aLewicki, Roy J.
_eAUT
245 0 _aFundamentos de negociación
260 _c2011
300 _a312 pƔginas :
_c23 cm.
650 _aGEN
654 _aCAN
942 _cLIB
_dJUS
_fJUS
_2ddc
_n
999 _c18462
_d18462